000 00395nam a22001577a 4500
020 _a978-81-226-1058-1
082 _a894.812.3
_bRAJ/R
100 _aRAJALAKSHMI
245 _aRAJALAKSHMIYUDE KATHAKAL
246 _aRAJALAKSHMIYUDE KATHAKAL
_bRAJALAKSHMIYUDE KATHAKAL
260 _aTHRISSUR
_bCURRENT BOOKS
_c2018
300 _a180
520 _aNOVEL
650 _aMALAYALAM NOVEL
942 _cBK
999 _c5287
_d5287